000 00587nam a2200193Ia 4500
003 GCL
008 140319s9999 xx 000 0 eng d
040 _aGCL /
_cGCL
082 0 4 _a676.909
_bA M
100 1 _aANDRE, LOUIS
245 1 0 _aMACHINES A PAPIER: INOVATION ET TRANSFORMAIONS DE L'INDUSTRIE PAPETIERE EN FRANCE 1798 - 1860 /
_cANDRE, LOUIS
260 _a[S.N] :
_bECOLE DES HAUTES ETUDES EN SCIENCES SOCI ،
_c1996
300 _a501 P
650 0 4 _aMACHINES
650 0 4 _aMANUFACTURING
650 0 4 _aPAPER PRODUCTS
650 0 4 _aPAPER INDUSTRY - HISTORY
942 _2ddc
_cBK
999 _c16313
_d16313